000 00386nam a2200121Ia 4500
008 220216s9999 xx 000 0 und d
100 _aAlex R
245 0 _aPreparation and characterization of organoclay-rubber nanocomposites via a new route using skim natural rubber latex
260 _bJournal of Applied Polymer Science
_c2006
300 _a3277-85
700 _aNah C
942 _cBS
999 _c51593
_d51593